000 00326 a2200133 4500
000 nam a22 7a 4500
100 _aGiles
110 _aGiles
245 _aDevelopments in Physiology,Biochemistry
250 _alatest edition
260 _bBRILLIANCE,IBS-DIS
_c2026
264 _bBRILLIANCE,IBS-DIS
_c2026
942 _cBK
999 _c394058
_d394058